Freedom from the grip of fear : (Record no. 9579)

MARC details
000 -LEADER
fixed length control field 00613nam a22002057a 4500
003 - CONTROL NUMBER IDENTIFIER
control field OSt
005 - DATE AND TIME OF LATEST TRANSACTION
control field 20260421064624.0
008 - FIXED-LENGTH DATA ELEMENTS--GENERAL INFORMATION
fixed length control field 260421b |||||||| |||| 00| 0 eng d
020 ## - INTERNATIONAL STANDARD BOOK NUMBER
International Standard Book Number 971-0307-01-0
040 ## - CATALOGING SOURCE
Original cataloging agency DWCL Main Lib.
Transcribing agency OC
082 ## - DEWEY DECIMAL CLASSIFICATION NUMBER
Classification number 152.4 W932f 2004
100 ## - MAIN ENTRY--PERSONAL NAME
Personal name H. Norman Wright
245 ## - TITLE STATEMENT
Title Freedom from the grip of fear :
Remainder of title a process for reclaiming your life/
Statement of responsibility, etc. H. Norman Wright
260 ## - PUBLICATION, DISTRIBUTION, ETC.
Place of publication, distribution, etc. Phil. :
Name of publisher, distributor, etc. Claretian Publications,
Date of publication, distribution, etc. c2004
300 ## - PHYSICAL DESCRIPTION
Extent 164 p. ;
Dimensions 22 cm.
650 ## - SUBJECT ADDED ENTRY--TOPICAL TERM
Source of heading or term 1. Fear
650 ## - SUBJECT ADDED ENTRY--TOPICAL TERM
Source of heading or term 2. Religious aspects
650 ## - SUBJECT ADDED ENTRY--TOPICAL TERM
Source of heading or term 3. Christianity
942 ## - ADDED ENTRY ELEMENTS (KOHA)
Source of classification or shelving scheme Dewey Decimal Classification
Koha item type Book-Filipiniana
Classification part Fil.
Suppress in OPAC No
952 ## - LOCATION AND ITEM INFORMATION (KOHA)
--
Holdings
Withdrawn status Lost status Source of classification or shelving scheme Damaged status Not for loan Home library Current library Shelving location Date acquired Total Checkouts Barcode Date last seen Copy number Price effective from Koha item type Uniform Resource Identifier
    Dewey Decimal Classification     College Library College Library Filipiniana 11/19/2004   CL41282 04/21/2026 c1 04/21/2026 BK - FIL